Peptidy antagonizujúce účinky bradykinínu a spôsob ich výroby. C 07K 7/06

Bibliographic Details
Main Author: Henke, Stephan (Author)
Format: Book
Language:Undetermined
PhysicalDescription:16 s.
Published: Bratislava Úrad priemyselného vlastníctva SR 1999

MARC

LEADER 00000nam a2200000 a 4500
001 vtls001361240
003 SK-MaSNL
005 20260301115052.0
008 240314sm y0 xo 0 und
035 |a SNK000314816 
040 |a SNK  |b slo  |c SNK  |e AACR2 
044 |a xo  |c SK 
100 1 |a Henke, Stephan  |4 aut  |9 459480 
245 1 0 |a Peptidy antagonizujúce účinky bradykinínu a spôsob ich výroby. C 07K 7/06 
260 |a Bratislava  |b Úrad priemyselného vlastníctva SR  |c 1999 
300 |a 16 s. 
999 |c 720839  |d 722769 
952 |t P60, <04>, [BOOK], {604}  |a SNK  |b SNK  |y VYP  |7 0  |p 17A0189219  |o snkSK 279315  |i snkPS 163/99  |0 0  |1 0  |4 0  |d 1999-04-22  |l 0  |r 2005-01-02 00:00:00  |w 2026-02-23